000 00652nam a2200241Ia 4500
003 OSt
005 20220918221858.0
006 a|||||r|||| 00| 0
007 ta
008 220917b |||||||| |||| 00| 0 eng d
024 _a210,474
037 _cTextual
040 _aARTS
_cARTS
_beng
041 _2eng
_aeng
082 _aY150aV2,63, P2
100 _aMehta G. S.
_9141634
245 0 _aParticipation of women in the Panchayati raj system
260 _aNew Delhi
_bKanishka pub.
_c2002
300 _avi, 205 p
_ccm.
650 _aSOCIOLOGY
942 _hY150aV2,63, P2
_cTEXL
_2CC
999 _c273891
_d273891